15 Largest Cities in Senegal🇸🇳 - Statistics

General Stats
  • This quiz has been taken 65 times
  • The average score is 4 of 15
Answer Stats
Population City % Correct
2.4 mil Dakar
100%
176k Saint Louis
78%
320k Thies
59%
529k Touba
59%
159k Ziguinchor
47%
172k Kaolack
38%
78k Tambacounda
31%
58k Kolda
16%
874k Pikine
16%
44k Richard-Toll
3%
36k Joal-Fadiout
0%
67k Lounga
0%
74k Mbake
0%
252k Thies Nones
0%
100k Tiebo
0%
No matching quizzes found
Score Distribution
Percent of People with Each Score
Percentile by Number Answered
Your Score History
You have not taken this quiz